Ecotoxicology principles and practice

Gardado en:
Detalles Bibliográficos
Autor Principal: OTITOLOJU, Adebayo A.
Formato: Libro
Idioma:inglés
Publicado: University of Lagos Press and Bookshop 2018
Tags: Engadir etiqueta
Sen Etiquetas, Sexa o primeiro en etiquetar este rexistro!

MARC

LEADER 00000nam a22000007a 4500
008 210818b ||||| |||| 00| 0 eng d
020 |a 978-978-56280-2-2 
100 |a OTITOLOJU, Adebayo A. 
245 |a Ecotoxicology  |b principles and practice  |c Adebayo A. Otitoloju.  |g xi, 252p.; ill. 
260 |b University of Lagos Press and Bookshop  |c 2018  |h Lagos  |i 685506  |i 685507  |i 685508  |i 685509  |l QH545 .Ot4  |m Pollution.  |m Environmental toxicology. 
500 |a “It includes references and index” 
942 |a lcc  |c BK  |e YUNUSA, A.A.  |f 18/8/2021 
952 |0 0  |1 0  |2 lcc  |4 0  |6 QH0545 O44  |7 0  |9 3106  |a HOL  |b SL  |c QZ  |d 2021-08-18  |l 0  |o QH545 .O44   |p 2021-66804  |r 2021-08-18 00:00:00  |w 2021-08-18  |y BK 
952 |0 0  |1 0  |2 lcc  |4 0  |6 QH0545 O44  |7 0  |9 3107  |a HOL  |b HOL  |c QZ  |d 2021-08-18  |l 0  |o QH545 .O44   |p 2021-66805  |r 2021-08-18 00:00:00  |w 2021-08-18  |y BK 
952 |0 0  |1 0  |2 lcc  |4 0  |6 QH0545 O44  |7 0  |9 3108  |a HOL  |b HOL  |c QZ  |d 2021-08-18  |l 0  |o QH545 .O44   |p 2021-66806  |r 2021-08-18 00:00:00  |w 2021-08-18  |y BK 
952 |0 0  |1 0  |2 lcc  |4 0  |6 QH0545 O44  |7 0  |9 3109  |a HOL  |b HOL  |c QZ  |d 2021-08-18  |l 0  |o QH545 .O44   |p 2021-66807  |r 2021-08-18 00:00:00  |w 2021-08-18  |y BK 
999 |c 1575  |d 1575